Thanh toán Quốc tế

保存先:
書誌詳細
第一著者: Nguyễn, Minh Kiểu
フォーマット: 図書
言語:Undetermined
出版事項: Hà Nội Thống kê 2005
主題:
タグ: タグ追加
タグなし, このレコードへの初めてのタグを付けませんか!
Thư viện lưu trữ: Trung tâm Học liệu Trường Đại học Cần Thơ
LEADER 00592nam a2200193Ia 4500
001 CTU_103522
008 210402s9999 xx 000 0 und d
082 |a 332.15 
082 |b K309 
100 |a Nguyễn, Minh Kiểu 
245 0 |a Thanh toán Quốc tế 
245 0 |c Nguyễn Minh Kiểu 
260 |a Hà Nội 
260 |b Thống kê 
260 |c 2005 
650 |a Banks and banking,Financial institutions, international,International economic relations 
650 |x Accounting 
904 |i Năm 
980 |a Trung tâm Học liệu Trường Đại học Cần Thơ